Nomi dei calciatori - Quiz n°21 - Statistics

Statistiche generali
  • Questo quiz è stato fatto 107 volte
  • Il punteggio medio è 8 su 10
Statistiche sulle risposte
Hint Risposta % Corretto
Van Dijk Virgil
90%
De Gea David
87%
Cigarini Luca
85%
Gollini Pierluigi
85%
Rebić Ante
83%
Niang M'Baye
80%
Ledesma Cristian
72%
Hetamaj Përparim
70%
Rosický Tomáš
70%
Taider Saphir
66%
Nessun quiz corrispondente trovato
Distribuzione punteggi
Percentuale di utenti per punteggio
Percentile per numero di risposta
I tuoi punteggi nel tempo
Non hai fatto questo quiz